| 000 | 01261nam a2200289 i 4500 | ||
|---|---|---|---|
| 001 | 47509 | ||
| 003 | ES-MaACL | ||
| 005 | 20250808062722.0 | ||
| 008 | 030429s2002 sp |||| |dspa d | ||
| 020 | _a84-7914-618-4 | ||
| 080 | _a061.234(460) | ||
| 080 | _a94(460)"1939/75" | ||
| 100 | 1 |
_aMartín-Sánchez Juliá, Fernando. _977648 |
|
| 245 | 1 | 0 |
_aIdeas claras _b: reflexiones de un español actual / _cFernando Martín-Sánchez Juliá ; edición preparada por José Luis Gutiérrez García ; presentación por Alfonso Coronel de Palma y Martínez-Agulló ; semblanza por José María Sánchez-Ventura y Pascual. |
| 260 |
_aMadrid : _bBiblioteca de Autores Cristianos, _c2002. |
||
| 300 |
_aCVII, 946 p. ; _c20 cm. |
||
| 490 | 1 |
_aBiblioteca de autores cristianos ; _v628 |
|
| 500 | _aÍndice. | ||
| 610 | 2 | 4 |
_aAsociación Católica Nacional de Propagandistas (España) _9170889 |
| 651 | 4 |
_aEspaña- _xHistoria- _y1939-1975, Dictadura. _9167928 |
|
| 700 | 1 |
_aGutiérrez García, José Luis. _961152 |
|
| 700 | 1 |
_aCoronel de Palma y Martínez-Agulló, Alfonso. _940690 |
|
| 700 | 1 |
_aSánchez-Ventura y Pascual, José María. _9102978 |
|
| 830 | 0 | 0 |
_aBiblioteca de autores cristianos _v628 _9178679 |
| 852 |
_aES-MaACL _jJ-615 |
||
| 999 |
_c47509 _d47509 |
||